000
00232nam a2200097Ia 4500
008
170619s9999 xx 000 0 und d
100
_a
Goodman- Richard
245
0
_a
Introduction To Rock Mechanics
260
_b
Wiley-India
260
_c
2010
546
_a
ENGLISH
999
_c
20619
_d
20619